000 00287nam a22001337a 4500
008 170523b xxu||||| |||| 00| 0 eng d
020 _ax000p43dct
041 _aeng
080 _a94
100 _a16
101 _aSHH
245 _aBRING OUT TOUR READ
_cGRAFTON.A
942 _2udc
_cBK
999 _c13915
_d13915